Cervantès / (Record no. 148704)

MARC details
000 -LEADER
campo de control de longitud fija 00462nam a2200157 4500
001 - NÚMERO DE CONTROL
campo de control 148704
003 - IDENTIFICADOR DE NÚMERO DE CONTROL
campo de control ES-MaACL
005 - FECHA Y HORA DE LA ÚLTIMA TRANSACCIÓN
campo de control 20230906202753.0
007 - CAMPO FIJO DE DESCRIPCIÓN FÍSICA--INFORMACIÓN GENERAL
campo de control de longitud fija t|
008 - DATOS DE LONGITUD FIJA--INFORMACIÓN GENERAL
campo de control de longitud fija 070214s1916 fr r ||||1| fre d
100 1# - ENTRADA PRINCIPAL--NOMBRE DE PERSONA
Nombre de persona Suarès, André.
9 (RLIN) 108534
245 10 - MENCIÓN DEL TÍTULO
Título Cervantès /
Mención de responsabilidad, etc. André Suarès [seud. de Felix André Ives Scantrel].
260 ## - PUBLICACIÓN, DISTRIBUCIÓN, ETC.
Lugar de publicación, distribución, etc. Paris :
Nombre del editor, distribuidor, etc. Emile-Paul Frères,
Fecha de publicación, distribución, etc. 1916 (
Fabricante Chaix)
300 ## - DESCRIPCIÓN FÍSICA
Extensión 4 h., 121 p., 2 h. ;
Dimensiones 19 cm.
852 ## - LOCALIZACIÓN
Ubicación ES-MaACL
Número de control de estantería D-3473
Holdings
Estatus retirado Estado de pérdida Estado de daño No para préstamo Biblioteca de origen Biblioteca actual Ubicación en estantería Fecha de adquisición Fuente de adquisición Total de préstamos Signatura topográfica completa Código de barras Visto por última vez Precio de reemplazo Tipo de ítem Koha
        Biblioteca del Ateneo de Madrid Biblioteca del Ateneo de Madrid Sala Valle Inclán 17/01/2008     D-3473 901155184 23/02/2023 23/02/2023 Libro impreso